|
|
|
|
| LEADER |
00000nam0a2200000 4500 |
| 001 |
115780 |
| 005 |
20231101215302.0 |
| 010 |
|
|
|a 5876231339
|
| 035 |
|
|
|a (RuTPU)RU\TPU\book\125246
|
| 090 |
|
|
|a 115780
|
| 100 |
|
|
|a 20070514d2005 km y0rusy50 ca
|
| 101 |
0 |
|
|a rus
|
| 102 |
|
|
|a RU
|
| 105 |
|
|
|a a z 001zy
|
| 200 |
1 |
|
|a Технология ферритовых материалов магнитоэлектроники
|f Л. М. Летюк, В. Г. Костишин, А. В. Гончар
|g Московский государственный институт стали и сплавов (Технологический университет)
|
| 210 |
|
|
|a Москва
|c МИСиС
|d 2005
|
| 215 |
|
|
|a 352 с.
|c ил.
|
| 225 |
1 |
|
|a Металлургия и материаловедение XXI века
|
| 320 |
|
|
|a Библиография в конце глав.
|
| 330 |
|
|
|a Рассмотрены основные проблемы физико-химии и технологии оксидных материалов магнитоэлектроники — ферритов. Представлены обобщенные данные о кристаллохимических особенностях, процессах синтеза в условиях фазового равновесия и динамического ферритообразования, роли рекристаллизационных процессов в формировании свойств поликристаллических ферритов. Впервые представлены систематизированные сведения о реологических свойствах ферритов как дисперсных систем, включая рассмотрение основных групп водорастворимых веществ, широко используемых в технологии производства ферритовых изделий. Приведены данные об особенностях получения высококачественных эпитаксиальных ферритовых пленок, а также объемных кристаллов, используемых преимущественно в качестве подложечных материалов для эпитаксиальных структур. Книга предназначена для широкого круга специалистов, занимающихся разработкой ферритовых материалов, технологией их производства и применением. Она будет весьма полезна для студентов вузов, обучающихся по специальностям 200100 — «Микроэлектроника и твердотельная электроника», 110800 — «Порошковая металлургия, композиционные материалы, покрытия», 070800 — «Физико-химия процессов и материалов».
|
| 606 |
1 |
|
|a Ферриты
|x Перемагничивание
|2 stltpush
|3 (RuTPU)RU\TPU\subj\63596
|9 80584
|
| 610 |
1 |
|
|a металловедение
|
| 610 |
1 |
|
|a магнитные свойства
|
| 610 |
1 |
|
|a кристаллохимия
|
| 610 |
1 |
|
|a доменная структура
|
| 610 |
1 |
|
|a образование
|
| 610 |
1 |
|
|a кинетика
|
| 610 |
1 |
|
|a ферритообразующие системы
|
| 610 |
1 |
|
|a фазовое равновесие
|
| 610 |
1 |
|
|a твердые растворы
|
| 610 |
1 |
|
|a свойства
|
| 610 |
1 |
|
|a поликристаллические ферриты
|
| 610 |
1 |
|
|a технология
|
| 610 |
1 |
|
|a монокристаллы
|
| 610 |
1 |
|
|a немагнитные соединения
|
| 610 |
1 |
|
|a эпитаксиальные пленки
|
| 675 |
|
|
|a 669.018.58
|v 3
|
| 700 |
|
1 |
|a Летюк
|b Л. М.
|g Леонид Михайлович
|
| 701 |
|
1 |
|a Костишин
|b В. Г.
|g Владимир Григорьевич
|
| 701 |
|
1 |
|a Гончар
|b А. В.
|g Александр Владимирович
|
| 712 |
0 |
2 |
|a Московский государственный институт стали и сплавов (Технологический университет)
|2 stltpush
|3 (RuTPU)RU\TPU\col\180
|
| 801 |
|
1 |
|a RU
|b 63413507
|c 20070514
|g PSBO
|
| 801 |
|
2 |
|a RU
|b 63413507
|c 20160729
|g PSBO
|
| 942 |
|
|
|c BK
|